US State Capitals with an Empty Map - Statistics

General Stats
  • This quiz has been taken 3,475 times
  • The average score is 42 of 50
Answers on the Map
Answers color-coded by a green-red scale on the quiz's map according to % correct below.
 
Answer Stats
State % Correct
Austin
95%
Sacramento
95%
Albany
93%
Phoenix
93%
Atlanta
92%
Denver
92%
Oklahoma City
91%
Salt Lake City
91%
Tallahassee
91%
Indianapolis
90%
Boston
89%
Boise
88%
Columbus
88%
Santa Fe
88%
Baton Rouge
87%
Jackson
87%
Nashville
87%
Olympia
87%
Carson City
86%
Little Rock
86%
Salem
86%
Honolulu
85%
Montgomery
85%
Springfield
85%
Bismarck
84%
Raleigh
84%
Augusta
83%
Cheyenne
83%
Des Moines
83%
Helena
83%
Juneau
83%
Lincoln
83%
Richmond
83%
St Paul
83%
Providence
82%
Annapolis
81%
Columbia
81%
Lansing
81%
Topeka
81%
Charleston
80%
Dover
80%
Harrisburg
80%
Madison
80%
Frankfort
79%
Montpelier
79%
Pierre
79%
Trenton
79%
Hartford
78%
Jefferson City
78%
Concord
76%
No matching quizzes found
Score Distribution
Percent of People with Each Score
Percentile by Number Answered
Your Score History
You have not taken this quiz